Datum a čas kvízu
22
Celkem bodů
Celkový počet nahraných bodů na tomto kvízu bez doplňovacích otázek.
9.
Pořadí na kvízu
Konečné umístění týmu na tomto kvízu.
Zaznamenané odpovědi
| # | Otázka | Odpověď | Body | Výsledky |
|---|---|---|---|---|
| 1. | Na prvního Máje se konal jubil... | za porušení nočního klidu | 0 | |
| 2. | U pobřeží kterého severoitalsk... | u Terstu | 0 | |
| 3. | Šťastný konec měl příběh o ztr... | ve Frankfurtu | 0 | |
| 4. | V arménském hlavním městě Jere... | o osla | 1 | |
| 5. | Hokejisté klubu Dynamo Pardubi... | Roman Červenka | 1 | |
| 6. | Ve filmu Sedm sledujeme detekt... | závist (J. Doe), hněv (detektiv Mills) | 0 | |
| 7. | Tato fotka je známým interneto... | Americké psycho | 0 | |
| 8. | Karel Kopfrkingl, zaměstnanec... | (tibetský) buddhismus | 0 | |
| 9. | Přiřaďte zločince k jejich fil... | 1C 2A 3B 4D | 1 | |
| 10. | Mladý syn se poprvé přímo zapo... | Kmotr, Mario Puzo | 0 |